[Event "4NCL Division 1c"]
[Site "Hinckley Island ENG"]
[Date "2014.05.04"]
[Round "10.144"]
[White "McNab, Colin A"]
[Black "Dorrington, Chris J"]
[Result "1/2-1/2"]
[WhiteElo "2448"]
[BlackElo "2333"]
[PlyCount "106"]
[EventDate "2014.05.04"]
[WhiteTeam "White Rose 1"]
[BlackTeam "Barbican 4NCL 2"]

1. c4 e6 2. Nf3 d5 3. g3 Nf6 4. Bg2 Be7 5. O-O O-O 6. b3 b6 7. Bb2 Bb7 8. e3 c5
9. Qe2 Nc6 10. Rd1 Qc7 11. Nc3 Rfe8 12. cxd5 exd5 13. d4 Rad8 14. Rac1 Nb4 15.
Nb5 Qb8 16. dxc5 bxc5 17. Be5 Qc8 18. Nxa7 Qa8 19. Nb5 Qxa2 20. Qxa2 Nxa2 21.
Ra1 Nb4 22. Ra7 Bc6 23. Nc7 Rf8 24. Na6 Nxa6 25. Rxe7 Rfe8 26. Bxf6 gxf6 27.
Rxe8+ Rxe8 28. Nd2 Rb8 29. Rc1 Kf8 30. h4 Ke7 31. Bf3 h6 32. Kg2 Kd6 33. Rd1
Kc7 34. g4 Rb4 35. Kg3 Kb6 36. Rc1 Nc7 37. Bd1 Ne6 38. f3 Rb5 39. f4 Ra5 40. f5
Nc7 41. e4 Ra2 42. exd5 Bxd5 43. Rc2 Rxc2 44. Bxc2 Kb5 45. Be4 Kb4 46. Bxd5
Nxd5 47. Kf3 Nb6 48. Kf4 Nd7 49. g5 hxg5+ 50. hxg5 fxg5+ 51. Kxg5 Kc3 52. Ne4+
Kxb3 53. Nxc5+ Nxc5 1/2-1/2

[Event "4NCL Division 1c"]
[Site "Hinckley Island ENG"]
[Date "2014.05.04"]
[Round "10.145"]
[White "Coleman, David J"]
[Black "Van de Griendt, Jan W"]
[Result "1-0"]
[WhiteElo "2246"]
[BlackElo "2347"]
[PlyCount "59"]
[EventDate "2014.05.04"]
[WhiteTeam "Barbican 4NCL 2"]
[BlackTeam "White Rose 1"]

1. e4 e6 2. d4 d5 3. Nc3 Bb4 4. e5 c5 5. a3 Bxc3+ 6. bxc3 Qa5 7. Bd2 Qa4 8. h4
Nc6 9. h5 Nge7 10. Nf3 b6 11. Rh4 cxd4 12. Nxd4 Nxd4 13. Rxd4 Qd7 14. Qg4 Rg8
15. Bd3 f5 16. Qe2 Qc7 17. Rh4 Nc6 18. f4 Na5 19. g4 Nc4 20. gxf5 exf5 21. Rh3
Be6 22. Rg3 Rc8 23. a4 Qe7 24. Qg2 Rc7 25. Bc1 Qc5 26. Rb1 Qa5 27. Rb4 d4 28.
Bxc4 Bxc4 29. Rxc4 Rxc4 30. Qa8+ 1-0

[Event "4NCL Division 1c"]
[Site "Hinckley Island ENG"]
[Date "2014.05.04"]
[Round "10.146"]
[White "Townsend, M Paul"]
[Black "Poobalasingam, Peter S"]
[Result "1-0"]
[WhiteElo "2242"]
[BlackElo "2239"]
[PlyCount "47"]
[EventDate "2014.05.04"]
[WhiteTeam "White Rose 1"]
[BlackTeam "Barbican 4NCL 2"]

1. d4 Nf6 2. c4 g6 3. Nc3 d5 4. Nf3 Bg7 5. Qb3 dxc4 6. Qxc4 O-O 7. e4 a6 8. Be2
b5 9. Qb3 Nc6 10. e5 Ng4 11. h3 Nh6 12. d5 Na7 13. O-O c6 14. Bg5 Qd7 15. Rfd1
Qb7 16. Rac1 Kh8 17. Ne4 cxd5 18. Nc5 Qc6 19. Bxe7 Re8 20. Nd4 Qb6 21. Qxd5
Rxe7 22. Qxa8 Bxe5 23. Bf3 Qf6 24. Ne4 1-0

[Event "4NCL Division 1c"]
[Site "Hinckley Island ENG"]
[Date "2014.05.04"]
[Round "10.147"]
[White "Sands, David A"]
[Black "Gantner, Matthias"]
[Result "1/2-1/2"]
[WhiteElo "2226"]
[BlackElo "2232"]
[PlyCount "60"]
[EventDate "2014.05.04"]
[WhiteTeam "Barbican 4NCL 2"]
[BlackTeam "White Rose 1"]

1. d4 d5 2. c4 c6 3. Nf3 Nf6 4. e3 Bf5 5. cxd5 cxd5 6. Qb3 Qc7 7. Bd2 Nc6 8.
Bb5 e6 9. O-O Bd6 10. Bb4 O-O 11. Bxc6 Bxb4 12. Qxb4 bxc6 13. Nbd2 Rab8 14. Qa3
Rb5 15. Rfc1 Rfb8 16. b3 Ne8 17. Rc3 f6 18. Rac1 R5b6 19. Rc5 Nd6 20. Qb2 h6
21. h3 Nb7 22. R5c3 a5 23. Qa3 Ra6 24. Qa4 Nd8 25. Rc5 Rb4 26. Qa3 Nb7 27. R5c3
Nd6 28. Rc5 Nb7 29. R5c3 Nd6 30. Rc5 Nb7 1/2-1/2

[Event "4NCL Division 1c"]
[Site "Hinckley Island ENG"]
[Date "2014.05.04"]
[Round "10.148"]
[White "Maroroa, Sue Y"]
[Black "Regan, Natasha K"]
[Result "1-0"]
[WhiteElo "2131"]
[BlackElo "2057"]
[PlyCount "65"]
[EventDate "2014.05.04"]
[WhiteTeam "White Rose 1"]
[BlackTeam "Barbican 4NCL 2"]

1. e4 Nf6 2. e5 Nd5 3. c4 Nb6 4. d4 d6 5. f4 dxe5 6. fxe5 c5 7. d5 e6 8. Nc3
exd5 9. cxd5 c4 10. Nf3 Bg4 11. Qd4 Bxf3 12. gxf3 Nc6 13. Qe4 Nb4 14. d6 Qd7
15. a3 Na6 16. Be3 Qc6 17. Bxb6 Qxb6 18. O-O-O O-O-O 19. Qxc4+ Kb8 20. Qxf7 g6
21. Bxa6 Bh6+ 22. Kb1 Qxa6 23. Qc7+ Ka8 24. e6 Bf4 25. Ne4 Rc8 26. Qxc8+ Rxc8
27. d7 Qxe6 28. d8=Q Rxd8 29. Rxd8+ Bb8 30. Rc1 a5 31. Rcc8 Qh3 32. Rxb8+ Ka7
33. Nd6 1-0

[Event "4NCL Division 1c"]
[Site "Hinckley Island ENG"]
[Date "2014.05.05"]
[Round "11.111"]
[White "Adams, Michael"]
[Black "Vachier-Lagrave, Maxime"]
[Result "0-1"]
[WhiteElo "2753"]
[BlackElo "2758"]
[PlyCount "104"]
[EventDate "2014.05.05"]
[WhiteTeam "Wood Green HK 1"]
[BlackTeam "Guildford 1"]

1. e4 c5 2. Nf3 d6 3. d4 cxd4 4. Nxd4 Nf6 5. Nc3 a6 6. Be3 Ng4 7. Bg5 h6 8. Bh4
g5 9. Bg3 Bg7 10. Qd2 Nc6 11. Nb3 b5 12. h4 b4 13. Na4 gxh4 14. Bxh4 Bd7 15. f3
Nce5 16. fxg4 Bxa4 17. O-O-O Bd7 18. Be2 Nxg4 19. Qxb4 a5 20. Qb7 Rb8 21. Qa7
Ra8 22. Qb7 Qb8 23. Qxb8+ Rxb8 24. c3 a4 25. Nd4 Ne3 26. Rdg1 Rg8 27. Bf2 Ng4
28. Be1 Be5 29. Kb1 Nf6 30. Bf3 h5 31. Bh4 Ng4 32. a3 Ne3 33. Be2 Bxd4 34. cxd4
Bb5 35. Rh3 Bxe2 36. Rxe3 Ba6 37. e5 Rg4 38. g3 d5 39. Rd1 Kd7 40. Rd2 Bc4 41.
b4 axb3 42. Kb2 Ke6 43. Rf3 Rbg8 44. Rff2 Re4 45. Rd1 Rgg4 46. Kc3 Re3+ 47. Kb2
Rge4 48. Rdd2 Re1 49. Rh2 Rg1 50. Rhf2 Ree1 51. Kc3 Ra1 52. Kb4 Ra2 0-1

[Event "4NCL Division 1c"]
[Site "Hinckley Island ENG"]
[Date "2014.05.05"]
[Round "11.113"]
[White "Shirov, Alexei"]
[Black "Sadler, Matthew D"]
[Result "1/2-1/2"]
[WhiteElo "2702"]
[BlackElo "2649"]
[PlyCount "87"]
[EventDate "2014.05.05"]
[WhiteTeam "Wood Green HK 1"]
[BlackTeam "Guildford 1"]

1. e4 e6 2. d4 d5 3. Nc3 Nf6 4. e5 Nfd7 5. f4 c5 6. Nf3 Nc6 7. Be3 a6 8. Qd2 b5
9. a3 Qa5 10. Ra2 Qb6 11. Nd1 cxd4 12. Nxd4 Nxd4 13. Bxd4 Bc5 14. c3 O-O 15. b4
Bxd4 16. cxd4 f6 17. Bd3 a5 18. Nc3 Nb8 19. exf6 Rxf6 20. bxa5 Rxa5 21. Bxb5
Ba6 22. a4 Bxb5 23. Nxb5 Qa6 24. O-O Rxa4 25. Rxa4 Qxa4 26. Qb2 Nc6 27. g3 Ne7
28. Ra1 Qc4 29. Ra8+ Rf8 30. Nd6 Qc7 31. Rxf8+ Kxf8 32. Qa3 Qb8 33. Kg2 Kg8 34.
Qa6 h6 35. Nb5 Qc8 36. Qxc8+ Nxc8 37. g4 Kf7 38. Kf3 Ke7 39. f5 exf5 40. gxf5
Kf6 41. Kf4 Ne7 42. Nc7 Nxf5 43. Nxd5+ Kg6 44. Ke4 1/2-1/2

[Event "4NCL Division 1c"]
[Site "Hinckley Island ENG"]
[Date "2014.05.05"]
[Round "11.114"]
[White "Jones, Gawain CB"]
[Black "Laznicka, Viktor"]
[Result "1-0"]
[WhiteElo "2650"]
[BlackElo "2673"]
[PlyCount "90"]
[EventDate "2014.05.05"]
[WhiteTeam "Guildford 1"]
[BlackTeam "Wood Green HK 1"]

1. e4 c6 2. d4 d5 3. Nc3 dxe4 4. Nxe4 Bf5 5. Ng3 Bg6 6. Nf3 Nd7 7. h4 h6 8. h5
Bh7 9. Bd3 Bxd3 10. Qxd3 e6 11. Bd2 Ngf6 12. O-O-O Be7 13. Kb1 O-O 14. Ne4 c5
15. g4 Nxg4 16. Qe2 Qb6 17. Ne5 Ndxe5 18. dxe5 f5 19. Nc3 Qa6 20. Nb5 Nxf2 21.
Qxf2 Qxb5 22. Qg3 Kh8 23. Rhg1 Rf7 24. Qg6 Qe8 25. Bf4 Bf8 26. Bxh6 Rd7 27.
Rxd7 Qxd7 28. Bg5 Qe8 29. c4 a6 30. Rd1 b5 31. Qxe8 Rxe8 32. Rd7 bxc4 33. Kc2
Ra8 34. a4 Kg8 35. Rb7 f4 36. Bxf4 Rd8 37. a5 Rd4 38. Bd2 Rh4 39. Rb6 Rxh5 40.
Rxa6 g5 41. Rxe6 g4 42. a6 Rh1 43. Re8 c3 44. Kxc3 Rh7 45. e6 g3 1-0

[Event "4NCL Division 1c"]
[Site "Hinckley Island ENG"]
[Date "2014.05.05"]
[Round "11.116"]
[White "Short, Nigel D"]
[Black "Howell, David WL"]
[Result "1/2-1/2"]
[WhiteElo "2661"]
[BlackElo "2654"]
[PlyCount "100"]
[EventDate "2014.05.05"]
[WhiteTeam "Guildford 1"]
[BlackTeam "Wood Green HK 1"]

1. c4 c6 2. Nf3 d5 3. e3 Nf6 4. Nc3 e6 5. b3 Bd6 6. Bb2 O-O 7. Be2 e5 8. cxd5
cxd5 9. Nb5 e4 10. Ne5 Ne8 11. f4 f6 12. Ng4 Bxg4 13. Bxg4 f5 14. Be2 Nc6 15.
O-O Bc5 16. Rc1 Qe7 17. Qc2 Bb6 18. Ba3 Nb4 19. Qc3 a5 20. Kh1 Rf7 21. Qe5 Qd7
22. h3 Rd8 23. Bxb4 axb4 24. g4 fxg4 25. hxg4 Nc7 26. Nxc7 Bxc7 27. Qh5 g6 28.
Qh4 Qd6 29. g5 Kh8 30. Bg4 Rdf8 31. Qh3 Re7 32. Kg2 Bb6 33. Rc2 d4 34. Rfc1 Rd8
35. Qg3 Bc7 36. Qe1 Kg7 37. Qh1 Kh8 38. Qf1 Kg7 39. Qf2 Bb6 40. Rc8 Ree8 41.
R1c4 Rf8 42. Qe2 h6 43. gxh6+ Kxh6 44. Rxd8 Rxd8 45. Rc8 Rxc8 46. Bxc8 dxe3 47.
dxe3 Qd5 48. Kf1 Kg7 49. Bh3 Qc5 50. Bg2 Qxe3 1/2-1/2

[Event "4NCL Division 1c"]
[Site "Hinckley Island ENG"]
[Date "2014.05.05"]
[Round "11.117"]
[White "Rowson, Jonathan W"]
[Black "Van Kampen, Robin"]
[Result "1/2-1/2"]
[WhiteElo "2569"]
[BlackElo "2630"]
[PlyCount "87"]
[EventDate "2014.05.05"]
[WhiteTeam "Wood Green HK 1"]
[BlackTeam "Guildford 1"]

1. d4 d6 2. e4 Nf6 3. f3 c5 4. d5 e6 5. c4 exd5 6. cxd5 g6 7. Bd3 Bg7 8. Ne2
O-O 9. Nbc3 a6 10. Bg5 h6 11. Be3 Nbd7 12. Rc1 b5 13. b3 Ne5 14. Bb1 Bd7 15.
Qd2 b4 16. Nd1 Bb5 17. Nf2 Re8 18. Bxh6 Bxh6 19. Qxh6 Nxd5 20. Rd1 Nf6 21. Ng3
Re6 22. h4 Qf8 23. Qxf8+ Rxf8 24. Nh3 Rd8 25. Kf2 Re7 26. Nf4 a5 27. h5 a4 28.
Rh3 axb3 29. axb3 c4 30. hxg6 fxg6 31. Rdh1 Rh7 32. Rxh7 Nxh7 33. Ne6 Rc8 34.
f4 Ng4+ 35. Kf3 Bd7 36. Kxg4 Bxe6+ 37. f5 gxf5+ 38. exf5 Bf7 39. bxc4 Rxc4+ 40.
Kf3 Nf6 41. Ne2 b3 42. Ke3 Kg7 43. g3 Bd5 44. Rh4 1/2-1/2

[Event "4NCL Division 1c"]
[Site "Hinckley Island ENG"]
[Date "2014.05.05"]
[Round "11.118"]
[White "Stefanova, Antoaneta"]
[Black "Cramling, Pia"]
[Result "1/2-1/2"]
[WhiteElo "2489"]
[BlackElo "2507"]
[PlyCount "66"]
[EventDate "2014.05.05"]
[WhiteTeam "Guildford 1"]
[BlackTeam "Wood Green HK 1"]

1. d4 e6 2. c4 Nf6 3. Nf3 Bb4+ 4. Nbd2 b6 5. a3 Bxd2+ 6. Bxd2 Bb7 7. Bg5 h6 8.
Bh4 d6 9. e3 Nbd7 10. Qc2 Qe7 11. Rd1 O-O 12. h3 Rfc8 13. b4 c5 14. Qb2 cxd4
15. Rxd4 e5 16. Rd1 Qe6 17. Nd2 a5 18. Bxf6 Qxf6 19. Qb1 axb4 20. axb4 d5 21.
Ne4 Qe6 22. cxd5 Bxd5 23. Bb5 Bxe4 24. Qxe4 Nf6 25. Qd3 e4 26. Qd4 Ra2 27. O-O
Rcc2 28. Bd7 Nxd7 29. Qxd7 Qxd7 30. Rxd7 Rc4 31. Rb1 Rcc2 32. Rf1 Rc4 33. Rb1
Rcc2 1/2-1/2

[Event "4NCL Division 1c"]
[Site "Hinckley Island ENG"]
[Date "2014.05.05"]
[Round "11.121"]
[White "Conquest, Stuart C"]
[Black "Hawkins, Jonathan"]
[Result "1/2-1/2"]
[WhiteElo "2494"]
[BlackElo "2518"]
[PlyCount "48"]
[EventDate "2014.05.05"]
[WhiteTeam "e2e4.org.uk 1"]
[BlackTeam "Cheddleton 1"]

1. e4 c6 2. d4 d5 3. Nc3 dxe4 4. Nxe4 Nd7 5. Nf3 Ngf6 6. Ng3 c5 7. dxc5 e6 8.
c6 bxc6 9. Be2 Be7 10. O-O O-O 11. c4 Qc7 12. Qc2 Bb7 13. Bd2 c5 14. Rfe1 Bd6
15. Rad1 Rfd8 16. Bc3 Ne5 17. Ng5 h6 18. N5e4 Nxe4 19. Nxe4 Be7 20. Bxe5 Rxd1
21. Rxd1 Qxe5 22. Bf3 Rd8 23. Rxd8+ Bxd8 24. g3 Bxe4 1/2-1/2

[Event "4NCL Division 1c"]
[Site "Hinckley Island ENG"]
[Date "2014.05.05"]
[Round "11.122"]
[White "Williams, Simon K"]
[Black "Jackson, James P"]
[Result "1-0"]
[WhiteElo "2463"]
[BlackElo "2283"]
[PlyCount "81"]
[EventDate "2014.05.05"]
[WhiteTeam "Cheddleton 1"]
[BlackTeam "e2e4.org.uk 1"]

1. c4 Nf6 2. d4 g6 3. Nc3 Bg7 4. e4 d6 5. Be2 O-O 6. Be3 e5 7. d5 Na6 8. g4 Nc5
9. f3 a5 10. Qd2 h5 11. Nh3 hxg4 12. Nf2 Nh5 13. fxg4 Nf4 14. Bf3 Qh4 15. O-O-O
Bd7 16. Rdg1 Rfb8 17. g5 b5 18. cxb5 Bxb5 19. Rg4 Qh8 20. Bxc5 dxc5 21. h4 Nh5
22. Rgg1 a4 23. a3 Bd7 24. Nfd1 Bf8 25. Ne3 c4 26. d6 c6 27. Be2 Be6 28. Bxc4
Bxc4 29. Nxc4 Nf4 30. Rf1 Bg7 31. d7 Qh5 32. Nb6 Ne6 33. Nxa8 Rxa8 34. Qd6 Nd8
35. Qe7 Qg4 36. Qe8+ Kh7 37. h5 Qxg5+ 38. Kb1 gxh5 39. Rf5 Qg2 40. Rfxh5+ Kg6
41. Qg8 1-0

[Event "4NCL Division 1c"]
[Site "Hinckley Island ENG"]
[Date "2014.05.05"]
[Round "11.123"]
[White "Fernandez, Daniel H"]
[Black "Arkell, Keith CC"]
[Result "1/2-1/2"]
[WhiteElo "2380"]
[BlackElo "2461"]
[PlyCount "67"]
[EventDate "2014.05.05"]
[WhiteTeam "e2e4.org.uk 1"]
[BlackTeam "Cheddleton 1"]

1. e4 c6 2. d4 d5 3. Nc3 dxe4 4. Nxe4 Nd7 5. c3 Ngf6 6. Nxf6+ Nxf6 7. Bd3 Bg4
8. Ne2 Bxe2 9. Qxe2 e6 10. O-O Be7 11. b3 O-O 12. Bb2 Qc7 13. c4 Rfd8 14. Rfd1
Rd7 15. a3 Rad8 16. Rac1 Qb8 17. Qc2 g6 18. Be2 Ne8 19. Rd3 Bf6 20. Rcd1 Qd6
21. g3 Qf8 22. b4 Qg7 23. Qa4 a6 24. b5 axb5 25. cxb5 cxb5 26. Qxb5 Nd6 27. Qb4
Nf5 28. Bf3 Nxd4 29. Kg2 Nc6 30. Rxd7 Rxd7 31. Qf4 e5 32. Qa4 Rxd1 33. Qxd1 Qf8
34. Qb3 1/2-1/2

[Event "4NCL Division 1c"]
[Site "Hinckley Island ENG"]
[Date "2014.05.05"]
[Round "11.124"]
[White "Colovic, Aleksandar"]
[Black "Sowray, Peter J"]
[Result "1-0"]
[WhiteElo "2477"]
[BlackElo "2331"]
[PlyCount "91"]
[EventDate "2014.05.05"]
[WhiteTeam "Cheddleton 1"]
[BlackTeam "e2e4.org.uk 1"]

1. d4 f5 2. g3 Nf6 3. Bg2 g6 4. Nf3 Bg7 5. O-O O-O 6. b3 d6 7. Bb2 Ne4 8. c4
Nc6 9. Nc3 Nxc3 10. Bxc3 Kh8 11. Rc1 e5 12. dxe5 dxe5 13. Qxd8 Rxd8 14. Ng5 Rf8
15. Bxc6 bxc6 16. Ba5 Bf6 17. Nf3 Rf7 18. Rfd1 Bb7 19. Ne1 Re8 20. Nd3 Bc8 21.
Bc3 Kg7 22. e3 g5 23. f4 exf4 24. Bxf6+ Rxf6 25. exf4 Re2 26. fxg5 Rf8 27. Nf4
Rxa2 28. Ra1 Rxa1 29. Rxa1 a6 30. Rd1 Kf7 31. Kf2 Be6 32. Re1 Bc8 33. Nd3 Rd8
34. Ne5+ Kf8 35. Ke3 Rd6 36. h4 h6 37. gxh6 Rxh6 38. Rd1 Ke7 39. Kf4 Re6 40. h5
Kf6 41. Rd8 Rxe5 42. Rf8+ Kg7 43. Rxc8 Rc5 44. Rxc7+ Kh6 45. Rf7 Ra5 46. Rxf5
1-0

[Event "4NCL Division 1c"]
[Site "Hinckley Island ENG"]
[Date "2014.05.05"]
[Round "11.126"]
[White "Eggleston, David J"]
[Black "Koneski, Zoran"]
[Result "1-0"]
[WhiteElo "2402"]
[BlackElo "2226"]
[PlyCount "87"]
[EventDate "2014.05.05"]
[WhiteTeam "Cheddleton 1"]
[BlackTeam "e2e4.org.uk 1"]

1. e4 e5 2. Nf3 Nc6 3. Bc4 Bc5 4. c3 Nf6 5. d3 h6 6. b4 Bd6 7. O-O Ne7 8. d4
Ng6 9. dxe5 Bxe5 10. Nxe5 Nxe5 11. Bb3 d6 12. f4 Nc6 13. b5 Ne7 14. e5 Ne4 15.
Ba3 h5 16. Qd4 Bf5 17. exd6 Nxd6 18. Re1 O-O 19. c4 Be6 20. Nc3 Nef5 21. Qd3 a6
22. b6 c5 23. Bxc5 Rc8 24. Ba3 Bxc4 25. Bxc4 Nxc4 26. Qxf5 Qxb6+ 27. Kh1 Nxa3
28. Nd5 Rc5 29. Re5 Rxd5 30. Rxd5 g6 31. Qd3 Nb5 32. f5 Qf6 33. Rf1 g5 34. a4
Nc3 35. Rd6 Qe5 36. Rh6 h4 37. Qf3 Ne4 38. f6 Rc8 39. Qh5 Nf2+ 40. Kg1 Nh3+ 41.
gxh3 Qe3+ 42. Kh1 Qe4+ 43. Qf3 Qe5 44. Qf5 1-0

[Event "4NCL Division 1c"]
[Site "Hinckley Island ENG"]
[Date "2014.05.05"]
[Round "11.127"]
[White "Norinkeviciute, Rasa"]
[Black "Radovanovic, Jovica"]
[Result "1/2-1/2"]
[WhiteElo "2025"]
[BlackElo "2372"]
[PlyCount "58"]
[EventDate "2014.05.05"]
[WhiteTeam "e2e4.org.uk 1"]
[BlackTeam "Cheddleton 1"]

1. c4 e5 2. g3 Nf6 3. Bg2 c6 4. d4 exd4 5. Qxd4 d5 6. Nf3 Be7 7. cxd5 cxd5 8.
O-O O-O 9. Nc3 Nc6 10. Qa4 Bd7 11. Qd1 Bg4 12. h3 Be6 13. Be3 Qd7 14. Kh2 Rfe8
15. Nd4 Ne5 16. Bf4 Nc4 17. b3 Nd6 18. Bc1 Nde4 19. Bb2 Rac8 20. Rc1 h5 21.
Nxe6 Qxe6 22. e3 h4 23. Nxe4 Nxe4 24. g4 Rxc1 25. Qxc1 Rc8 26. Qd1 Rc6 27. Qd3
f5 28. Bf3 Bd6+ 29. Kg2 f4 1/2-1/2

[Event "4NCL Division 1c"]
[Site "Hinckley Island ENG"]
[Date "2014.05.05"]
[Round "11.131"]
[White "Wells, Peter K"]
[Black "Ghasi, Ameet K"]
[Result "0-1"]
[WhiteElo "2464"]
[BlackElo "2465"]
[PlyCount "112"]
[EventDate "2014.05.05"]
[WhiteTeam "White Rose 1"]
[BlackTeam "Grantham Sharks 1"]

1. d4 g6 2. e4 d6 3. c4 Bg7 4. Nc3 a6 5. Be3 c6 6. Nf3 b5 7. h3 Nd7 8. a3 Nb6
9. c5 dxc5 10. dxc5 Nd7 11. Qb3 Qc7 12. a4 Rb8 13. axb5 axb5 14. Be2 Ngf6 15.
Qb4 O-O 16. O-O Nh5 17. Rfd1 Nf4 18. Bf1 Ne6 19. Nd2 h5 20. Nb3 Ne5 21. Qa5 Nc4
22. Qxc7 Nxc7 23. Bc1 Na6 24. Bxc4 bxc4 25. Na5 Nxc5 26. Nxc6 Rb7 27. Na5 Rd7
28. Rxd7 Bxd7 29. Nxc4 Nb3 30. Rb1 Be6 31. Ne3 Bh6 32. h4 Rb8 33. Ne2 Nxc1 34.
Nxc1 Rb4 35. Nd3 Rxe4 36. Nc5 Rxe3 37. fxe3 Bxe3+ 38. Kh1 Bxc5 39. b4 Bd6 40.
b5 Kf8 41. b6 Ke8 42. b7 Bb8 43. Rc1 Kd8 44. Kg1 Bd7 45. Kf2 e5 46. Ke3 f5 47.
g3 f4+ 48. gxf4 exf4+ 49. Ke4 Bf5+ 50. Kd5 f3 51. Kc6 Be4+ 52. Kb6 Kd7 53. Rc8
Bg3 54. Rc3 Ke6 55. Ka7 Kd5 56. Kb6 Kd4 0-1

[Event "4NCL Division 1c"]
[Site "Hinckley Island ENG"]
[Date "2014.05.05"]
[Round "11.133"]
[White "Palliser, Richard JD"]
[Black "Grund, Holger"]
[Result "1/2-1/2"]
[WhiteElo "2448"]
[BlackElo "2418"]
[PlyCount "109"]
[EventDate "2014.05.05"]
[WhiteTeam "White Rose 1"]
[BlackTeam "Grantham Sharks 1"]

1. d4 d5 2. c4 c6 3. Nf3 Nf6 4. Nc3 e6 5. Bg5 h6 6. Bxf6 Qxf6 7. Qb3 Nd7 8. e4
dxe4 9. Nxe4 Qe7 10. O-O-O Nf6 11. Qe3 g6 12. Nxf6+ Qxf6 13. Ne5 Bg7 14. f4 O-O
15. Bd3 Rd8 16. h4 c5 17. dxc5 Bd7 18. Be4 Ba4 19. Bxb7 Bxd1 20. Bxa8 Ba4 21.
Bf3 Rc8 22. g3 Qe7 23. c6 Bxe5 24. fxe5 Bxc6 25. Bxc6 Rxc6 26. Kb1 Qb4 27. Qxh6
Qxc4 28. Qe3 Qc2+ 29. Ka1 Rc5 30. a3 Rd5 31. Rc1 Rd1 32. Rxd1 Qxd1+ 33. Ka2
Qd5+ 34. Kb1 Qd1+ 35. Ka2 Qd5+ 36. b3 Qg2+ 37. Kb1 Qh1+ 38. Kc2 Qc6+ 39. Kd2
Qg2+ 40. Ke1 Qh1+ 41. Kf2 Qh2+ 42. Kf3 Qh1+ 43. Kg4 Qd1+ 44. Kf4 Qf1+ 45. Ke4
Qb1+ 46. Qd3 Qe1+ 47. Qe3 Qb1+ 48. Kf3 Qf1+ 49. Qf2 Qh1+ 50. Ke2 Qe4+ 51. Qe3
Qg2+ 52. Kd3 Qb2 53. Kc4 Qxa3 54. Kb5 a6+ 55. Kc4 1/2-1/2

[Event "4NCL Division 1c"]
[Site "Hinckley Island ENG"]
[Date "2014.05.05"]
[Round "11.134"]
[White "Rendle, Thomas E"]
[Black "Adair, James R"]
[Result "0-1"]
[WhiteElo "2398"]
[BlackElo "2424"]
[PlyCount "102"]
[EventDate "2014.05.05"]
[WhiteTeam "Grantham Sharks 1"]
[BlackTeam "White Rose 1"]

1. d4 Nf6 2. Nf3 e6 3. c3 c5 4. Bg5 h6 5. Bxf6 Qxf6 6. e4 cxd4 7. cxd4 Bb4+ 8.
Nc3 O-O 9. Bd3 d6 10. e5 dxe5 11. dxe5 Qe7 12. O-O Bxc3 13. bxc3 b6 14. Qe2 Bb7
15. Nd4 Nd7 16. f4 Rac8 17. Nb5 Nc5 18. Bb1 Ba6 19. c4 Bxb5 20. cxb5 Rfd8 21.
Bc2 Rd4 22. Rad1 Rcd8 23. Rxd4 Rxd4 24. Rd1 Qd7 25. Kf2 g6 26. Ke3 Rd5 27. Rxd5
exd5 28. Qd2 Kf8 29. a4 Ke7 30. g3 h5 31. Qd1 Ke8 32. Qd2 h4 33. Qd1 hxg3 34.
hxg3 Qh3 35. Kf3 Qh2 36. f5 gxf5 37. Bxf5 Qh5+ 38. g4 Qh3+ 39. Kf2 Qh2+ 40. Kf3
Qxe5 41. Qc1 d4 42. Qg5 Qd5+ 43. Ke2 d3+ 44. Kd1 Qb3+ 45. Ke1 Qb1+ 46. Kf2 Qb2+
47. Kg3 Qe5+ 48. Kh3 Ne6 49. Qc1 Nf4+ 50. Kh4 Qh8+ 51. Kg5 Nh3# 0-1

[Event "4NCL Division 1c"]
[Site "Hinckley Island ENG"]
[Date "2014.05.05"]
[Round "11.136"]
[White "MacQueen, Calum"]
[Black "Weller, Jean-Luc"]
[Result "1/2-1/2"]
[WhiteElo "2230"]
[BlackElo "2191"]
[PlyCount "92"]
[EventDate "2014.05.05"]
[WhiteTeam "Grantham Sharks 1"]
[BlackTeam "White Rose 1"]

1. d4 Nf6 2. c4 e6 3. Nf3 d5 4. g3 Bb4+ 5. Bd2 Bd6 6. Bg2 c6 7. Qc2 O-O 8. O-O
Nbd7 9. Rd1 Qe7 10. Nc3 dxc4 11. e4 e5 12. h3 exd4 13. Nxd4 Ne5 14. Be3 Nd3 15.
b3 Nb4 16. Qb2 cxb3 17. axb3 Ne8 18. f4 Nc7 19. Qf2 f6 20. Rd2 b6 21. Rad1 Bc5
22. Na4 Bxd4 23. Bxd4 Nb5 24. Bb2 Be6 25. Qe3 Rfd8 26. Nc3 Bxb3 27. Rxd8+ Rxd8
28. Rxd8+ Qxd8 29. Nxb5 Qd1+ 30. Kh2 cxb5 31. Qc3 Qc2 32. Qxb4 Qxb2 33. Qxb5
Qa3 34. e5 fxe5 35. fxe5 Kf8 36. Qd3 h6 37. e6 Ke7 38. Qd7+ Kf6 39. Qf7+ Ke5
40. Qxg7+ Kxe6 41. Qxh6+ Kf7 42. Qf4+ Kg7 43. Qd4+ Kf8 44. Qh8+ Kf7 45. Qh7+
Kf8 46. Qh8+ Kf7 1/2-1/2

[Event "4NCL Division 1c"]
[Site "Hinckley Island ENG"]
[Date "2014.05.05"]
[Round "11.137"]
[White "Gantner, Matthias"]
[Black "Purton, Ben J"]
[Result "1-0"]
[WhiteElo "2232"]
[BlackElo "2145"]
[PlyCount "92"]
[EventDate "2014.05.05"]
[WhiteTeam "White Rose 1"]
[BlackTeam "Grantham Sharks 1"]

1. e4 c5 2. Nf3 d6 3. d4 cxd4 4. Nxd4 Nf6 5. Nc3 a6 6. Bg5 e6 7. f4 Qc7 8. Qf3
Be7 9. O-O-O Nbd7 10. g4 b5 11. Bxf6 Nxf6 12. Bd3 Bb7 13. g5 Nd7 14. Rhe1 b4
15. Nce2 Nc5 16. Kb1 g6 17. Qe3 d5 18. exd5 Bxd5 19. f5 gxf5 20. Bxf5 O-O-O 21.
Bd3 Qxh2 22. Nb3 Bxb3 23. axb3 Nxd3 24. Rxd3 Rxd3 25. Qxd3 Qd6 26. Qf3 Rf8 27.
Qa8+ Kc7 28. Qa7+ Kc8 29. Nc1 Bxg5 30. Re4 e5 31. Nd3 Bd8 32. Qa8+ Qb8 33.
Qxa6+ Qb7 34. Qc4+ Bc7 35. Rxe5 Rg8 36. Re1 Rd8 37. Qxf7 Bd6 38. Qf5+ Kb8 39.
Qf6 Qc7 40. Rh1 Rc8 41. Qf2 Rf8 42. Qh4 Qb7 43. Qh6 Ka7 44. Rg1 Rd8 45. Rg7 Rd7
46. Qe3+ Ka8 1-0

[Event "4NCL Division 1c"]
[Site "Hinckley Island ENG"]
[Date "2014.05.05"]
[Round "11.138"]
[White "Batchelor, Peter J"]
[Black "Townsend, M Paul"]
[Result "1-0"]
[WhiteElo "2157"]
[BlackElo "2242"]
[PlyCount "75"]
[EventDate "2014.05.05"]
[WhiteTeam "Grantham Sharks 1"]
[BlackTeam "White Rose 1"]

1. Nf3 d5 2. d4 e6 3. c4 Nf6 4. g3 Be7 5. Bg2 O-O 6. O-O Nbd7 7. Qc2 c6 8. Nc3
b6 9. Bf4 Bb7 10. Rfd1 Rc8 11. Rac1 Nh5 12. Ne5 Nxf4 13. gxf4 Qc7 14. cxd5 Nxe5
15. fxe5 cxd5 16. Rd3 f5 17. exf6 Bxf6 18. Rh3 g6 19. e3 Qe7 20. f4 Rc4 21. Bf1
Rcc8 22. Bd3 Rf7 23. Kh1 Rg7 24. Rg1 e5 25. fxe5 Bxe5 26. Qg2 Bd6 27. Nxd5 Qe6
28. Be4 Kh8 29. Nf6 Bxe4 30. Nxe4 Bb8 31. Ng5 Qxa2 32. Nxh7 Kg8 33. Nf6+ Kf7
34. Qb7+ Rc7 35. Qxb8 Kxf6 36. Rf3+ Ke6 37. Qe8+ Kd5 38. Rg5+ 1-0

[Event "4NCL Division 1c"]
[Site "Hinckley Island ENG"]
[Date "2014.05.05"]
[Round "11.141"]
[White "Hebden, Mark L"]
[Black "Chapman, Terry PD"]
[Result "1-0"]
[WhiteElo "2545"]
[BlackElo "2296"]
[PlyCount "81"]
[EventDate "2014.05.05"]
[WhiteTeam "Guildford 2"]
[BlackTeam "Barbican 4NCL 2"]

1. d4 d6 2. e4 Nf6 3. Nc3 c6 4. Nf3 Bg4 5. h3 Bh5 6. Qe2 e6 7. g4 Bg6 8. h4 h5
9. g5 Nfd7 10. Be3 d5 11. Nd2 Bb4 12. Bg2 Qa5 13. O-O Bxc3 14. bxc3 Qxc3 15.
Rab1 Nb6 16. f4 dxe4 17. Nxe4 Bxe4 18. Bxe4 g6 19. Rb3 Qc4 20. Bd3 Qd5 21. c4
Qd8 22. a4 O-O 23. Qc2 Kh7 24. a5 N6d7 25. Rxb7 Qxa5 26. f5 exf5 27. Bxf5 Qd8
28. Be4 f5 29. Bg2 Qc8 30. Qb3 a5 31. Bf4 a4 32. Qb4 Re8 33. d5 cxd5 34. Bxd5
Na6 35. Qd6 Qc5+ 36. Kh1 Qxd6 37. Bxd6 Rad8 38. Ra7 Nab8 39. Bxb8 Rxb8 40.
Rxd7+ Kh8 41. Rb7 1-0

[Event "4NCL Division 1c"]
[Site "Hinckley Island ENG"]
[Date "2014.05.05"]
[Round "11.143"]
[White "Suarez Real, Alberto"]
[Black "Rogers, Jonathan W"]
[Result "1-0"]
[WhiteElo "2398"]
[BlackElo "2305"]
[PlyCount "53"]
[EventDate "2014.05.05"]
[WhiteTeam "Guildford 2"]
[BlackTeam "Barbican 4NCL 2"]

1. e4 c5 2. Nf3 e6 3. d4 cxd4 4. Nxd4 Nf6 5. Nc3 Nc6 6. Nxc6 bxc6 7. e5 Nd5 8.
Ne4 Qc7 9. f4 Qb6 10. c4 Bb4+ 11. Ke2 f5 12. Nf2 Ne7 13. Nd3 Ng6 14. Be3 Qb8
15. Nxb4 Qxb4 16. b3 d5 17. exd6 e5 18. Qd2 Qa3 19. c5 Nxf4+ 20. Bxf4 exf4 21.
Qd4 O-O 22. Kf3 Re8 23. Bc4+ Kh8 24. Rhe1 Re4 25. Rxe4 fxe4+ 26. Qxe4 Bd7 27.
Bd3 1-0